Представление документа в формате RUSMARC

ПолеНазваниеЗначение
  Тип записи a
  Библиографический уровень a
001 Контрольный номер RU/CBS_UL/BASE/561399528
005 Дата корректировки 20240209175217.2
100 Данные общей обработки __
a Данные общей обработки 20171015d2017 ||| 0rusy0189 ca
101 Язык документа 0_
a Язык текста rus
102 Страна публикации __
a Страна публикации RU
105 Кодированные данные (монография) __
a Кодированные данные (монография) y###||||000|y
200 Заглавие и сведения об ответственности 1_
a Заглавие Корни предательства уходят в эпоху Екатерины Великой
b Общее обозначение материала Текст
e Сведения, относящиеся к заглавию [о попытке британского дипломата и разведчика Джона Дункана Блая (1798-1872) получить у А.C. Пушкина информацию о планах России на Востоке]
f Первые сведения об ответственности С. Экштут
300 Общие примечания __
a Общие примечания Ограничения по возрасту - 12+
320 Библиография __
a Библиография Библиогр.: с. 17
461 Уровень набора _0
1 2000
a Родина
463 Уровень физической единицы _0
1 001RU/CBS_UL/BASE/559045619
1 2000
a № 12
v С. 15-17 : ил.
1 210
d 2016
600 Персоналии _0
a Персоналии (Фамилия) Пушкин
b Персоналии (Имя, инициалы) А.С.
600 Персоналии _0
a Персоналии (Фамилия) Блай
b Персоналии (Имя, инициалы) Д.Д.
600 Персоналии _0
a Персоналии (Фамилия) Бутурлин
b Персоналии (Имя, инициалы) Д.П.
606 Тематические рубрики 0_
a Основная рубрика Россия - Внешняя политика - 19 в.
606 Тематические рубрики 0_
a Основная рубрика Пушкин, Александр Сергеевич (1799-1837) - Жизнь и деятельность
610 Ключевые слова 0_
a Ключевые слова история российская
a Ключевые слова политика
a Ключевые слова внешняя политика
a Ключевые слова российская внешняя политика
a Ключевые слова национальные интересы
a Ключевые слова шпионаж
a Ключевые слова писатели русские
a Ключевые слова поэты русские
a Ключевые слова дипломаты
a Ключевые слова дипломаты британские
686 Индексы других классификаций __
a Классификационный индекс 63.3(2)47
2 Код системы ББК
686 Индексы других классификаций __
a Классификационный индекс 83.3(2Рос=Рус)1
2 Код системы ББК
700 Автор _1
a Фамилия Экштут
b Имя (инициалы) С.
801 Источник записи _0
a Страна RU
b Организация МБУК ЦБС г. Ульяновска
c Дата составления 20171015
g Правила каталогизации RCR
801 Источник записи _1
a Страна RU
b Организация МБУК ЦБС г. Ульяновска
c Дата составления 20171015
g Правила каталогизации RCR
901 Тип документа __
t Тип документа b
w Контрольный № источника RU/CBS_UL/BASE/559045619
910 Корректоры записи __
a Корректор записи Библиотека 1
938 Служебная информация __
a Имя БД period